00757nam a2200205 a 450000100100000000500170001000800410002702000180006804000250008604100080011110000380011924501000015726000470025730000280030450000210033250400330035370000420038695201060042899900170053400004088820201002034444.0130910s2012 pr a 001 0 spa d a9780865816640 aDO-SdBNPbspacBNPHU17aeng1 aVan Deusen, Richard James.967318 0aPorto Rico : A Caribbean Isle /cRichard James Van Deusen ...and Elizabeth Kneipple Van Deusen. aPuerto Rico :bH. Holt and Company,c2012. a342 p. :bil. ;c22 cm. aIncluye índice aBibliografía : p. 315-324.1 aVan Deusen, Elizabeth Kneipple967319 0010507-18MOaGRbGRcOId2013-09-10iLF1l0o p40888-10r2020-06-25w2020-06-25y1ZNo se presta c40378d40378